000 00458cam a22001577a 4500
008 180718b2011 xxu||||| |||| 00| 0 eng d
020 _a8178243296
082 _aB2 N944
100 _aNussbaum, Martha C.
245 _aCreating capabilities: the human development approach
_cby Martha C. Nussbaum
260 _aRanikhet
_bPermanent Black
_c2011
300 _a237p.
650 _aWomenメs righ
650 _aEconomic development
650 _aSocial justice
999 _c442027
_d442027